000 00864nam a2200289Ia 4500
005 20260324131318.0
008 008 260324s9999 xx 000 0 eng d
020 _a9780203967171
037 _aEBOOK
040 _aCRL
040 _beng
040 _cCRL
041 _2eng
041 _aeng
084 _qCRL
100 _aPeter Dudley; Patrick Carmichael; Bethan Marshall; Richard Procter; Paul Black; David Frost; John MacBeath; David Pedder; Sue Swaffield; Robert McCormick; Colin Conner; Leslie Honour; DYLAN WILIAM; Alison Fox; Mary James
_91185042
245 0 _aLearning How to Learn
245 0 _bTools for Schools
260 _bTaylor and Francis
260 _c2006
365 _a
365 _b205
856 _uhttp://www.taylorfrancis.com/books/9780203967171
942 _cEBOOK
999 _c1782067
_d1782067